000 00897nam a2200265Ia 4500
003 OSt
005 20220923211543.0
006 a|||||r|||| 00| 0
007 ta
008 220922b |||||||| |||| 00| 0 pan d
020 _a9789383437665 (hbk)
_c195
024 _a352,643
037 _b1193, 18/02/2020, H.K. Prakashan
_cTextual
040 _aARTS
_cARTS
_bpan
041 _2pan
_apan
082 _aO153,1NMOx, Q8
100 _aਮੋਨੋਜੀਤ, ਂਚ.
245 0 _aਕਵਿਤਾ ਮੇਰੇ ਜਿਹੀ
260 _aਚੰਡੀਗੜ੍ਹ
_b ਲੋਕਗੀਤ ਪ੍ਰਕਾFਨ
_c2018
300 _a92ਪ੍ਰ0
_ccm.
650 _a ਪੰਜਾਬੀ ਕਾਵਿ
650 _aਪੰਜਾਬੀ ਸਾਹਿਤ
942 _hO153,1NMOx, Q8
_cTEXL
_2CC
999 _c300710
_d300710